Minimalist Block Characters (Disney and Pixar) Quiz Stats

 Plays Quiz Updated Mar 28, 2016

Score 0/12 Timer 04:00
21 Plays Today
Image Character % Correct
Col 2Winnie the Pooh
93.5%
Col 2Nemo (or Marlin)
82.9%
Col 4Princess Jasmine
76.1%
Col 2Buzz Lightyear
75.4%
Col 1Genie
70.1%
Col 1Princess Aurora
68.9%
Col 3Pluto
68.6%
Col 1Goofy
68.4%
Col 4Pinocchio
66.2%
Col 3The Cheshire Cat
65.4%
Col 3Michael 'Mike' Wazowski
45.8%
Col 4The Beast
44.3%

You're not logged in!

Compare scores with friends on all Sporcle quizzes.
OR
Log In

Show Comments

Extras

Top Quizzes Today


Score Distribution

Your Account Isn't Verified!

In order to create a playlist on Sporcle, you need to verify the email address you used during registration. Go to your Sporcle Settings to finish the process.

Report this User

Report this user for behavior that violates our Community Guidelines.

Details: